000 00249nam a22001097a 4500
008 170112b xxu||||| |||| 00| 0 eng d
020 _a0894430319
041 _aeng
080 _a618.2
245 _aTHE NURSE'S ALMANAC
_cROWLAND, H.S
942 _2udc
_cBK
999 _c2837
_d2837